00000000nas 2200000zi 4500
0019.889378
003CaOODSP
00520240223152058
006m    go  d f      
007cr |||||||||||
008200715c20209999oncar p o    f0   b0fre|d
022 |a2563-5387
040 |aCaOODSP|bfre|erda|cCaOODSP
043 |an-cn---
0861 |aD95-7F-PDF
1101 |aCanada. |bBureau du commissaire au renseignement, |eauteur, |eorganisme de publication.
222 0|aRapport sur les résultats ministériels |b(Canada. Bureau du commissaire au renseignement)
24510|aRapport sur les résultats ministériels.
264 1|a[Ottawa] : |bBureau du commissaire au renseignement, |c[2020]-
310 |aAnnuel
336 |atexte|btxt|2rdacontent/fre
337 |ainformatique|bc|2rdamedia/fre
338 |aressource en ligne|bcr|2rdacarrier/fre
3621 |aParaît depuis 2019-2020.
500 |aPublié aussi en anglais sous le titre : Departmental results report.
515 |aL'année d'activité se termine le 31 mars.
580 |aFait suite après scission à : Rapport sur les résultats ministériels (Bureau du Commissaire du Centre de la sécurité des télécommunications).
588 |aDescription d'après : 2019-2020.
588 |aDernière livraison consultée : 2019-2020.
61016|aCanada. |bBureau du commissaire au renseignement |vPériodiques.
650 6|aDépenses publiques|vPériodiques.
655 7|aPériodiques|2rvmgf
77508|tDepartmental results report.|w(CaOODSP)9.889376
78000|tRapport sur les résultats ministériels |w(CaOODSP)9.842747